| 000 | 00684nam a2200229 a 4500 | ||
|---|---|---|---|
| 999 |
_c11857 _d11857 |
||
| 001 | 11857 | ||
| 003 | BD-JhCC | ||
| 005 | 20220804134023.0 | ||
| 008 | 201122t2018 bg |||| ||a| 000 0 ben d | ||
| 020 | _a9848729440 | ||
| 035 | _a(BD-JhCC)11857 | ||
| 040 |
_aBD-JhCC _dBD-JhCC |
||
| 041 | _aben | ||
| 082 |
_a813.54 _bASI 2018 |
||
| 245 |
_aআইজ্যাক আসিমভ: _bনেমেসিম / _cঅনু: পান্থ বিহোস |
||
| 260 |
_aঢাকা: _bবাতিঘর; _c২০১৮. |
||
| 300 |
_a429 p. : _c22 cm. |
||
| 650 | _aBengali Science Fiction | ||
| 700 | _aবিহোস, পান্থ | ||
| 942 |
_2ddc _cBK _02 |
||